| 000 | 01431nam a2200349 a 4500 | ||
|---|---|---|---|
| 001 | 000044922 | ||
| 003 | OSt | ||
| 005 | 20201214100213.0 | ||
| 007 | ta | ||
| 008 | 150119s2014 dr 001 0 spa d | ||
| 020 | _a9789945166477 | ||
| 040 |
_aDO-SdBNP _bspa _cBNPHU |
||
| 041 | _hspa | ||
| 082 |
_aBNPHU-PD xxxxxx _bG633m |
||
| 100 | 1 |
_aGómez, José Miguel _9380 |
|
| 245 | 1 | 0 |
_aManual Terapéutico de Parejas : _bla experiencia de un psicoterapeuta / _cAlexandra Deschamps , diagramación |
| 260 |
_aSanto Domingo : _bBúho, _c2014. |
||
| 300 |
_a164 p. ; _c23 cm. |
||
| 500 | _aIncluye datos biográficos del autor en la solapa de la cubierta.- | ||
| 500 | _aLibro de autoayuda y bibliografía. | ||
| 504 | _aBibliografías : p. 163-164 | ||
| 505 | 1 | _aPrólogo.- | |
| 505 | 1 |
_aCapítulo I : _tClaves para elegir una pareja.- |
|
| 505 | 1 |
_aCapítulo II : _tEl contrato marital.- |
|
| 505 | 1 |
_aCapítulo III : _tConflictos y crisis en las parejas.- |
|
| 505 | 1 |
_aCapítulo IV : _tClaves para no dañar la relación de pareja.- |
|
| 505 | 1 |
_aCapítulo V : _tActitudes emocionales positivas : ¿cómo se construye la felicidad marital?.- |
|
| 505 | 1 |
_aCapítulo VI : _tCómo resolver los problemas de pareja.- |
|
| 505 | 1 |
_aCapítulo VII : _tClaves para identificar tipos de pareja y pronóstico según la dinámica.- _tBibliografía.- |
|
| 700 |
_aDeschamps , Alexandra , _ediagrmación. _91503 |
||
| 942 |
_2ddc _cLBS1 |
||
| 999 |
_c44411 _d44411 |
||